| 000 | 01039cac a22003015a 4500 | ||
|---|---|---|---|
| 999 |
_c9764 _d9764 |
||
| 003 | EG-ScBUE | ||
| 005 | 20191204123355.0 | ||
| 008 | 190718s2002 f d 000 0 mul d | ||
| 020 | _a1842052586 | ||
| 020 | _a9781842052587 | ||
| 040 |
_aEG-ScBUE _beng _erda _cEG-ScBUE _dEG-ScBUE |
||
| 041 | 0 |
_aeng _aspa |
|
| 082 | 0 | 4 |
_a423 _bWEB _222 |
| 100 | _a | ||
| 245 | 0 | 0 | _aWebster`s concise Spanish - English English - Spanish dictionary. |
| 246 | 3 | 4 |
_aWebster`s concise Spanish - English English - Spanish dictionary : _bfor home, school or office |
| 264 | 1 |
_aNew Lanark, Scotland : _bGeddes and Grosset : _c2002. |
|
| 300 |
_a190 pages ; _c12 cm |
||
| 336 |
_2rdacontent _atext _btxt |
||
| 337 |
_2rdamedia _aunmediated _bn |
||
| 338 |
_2rdacarrier _avolume _bnc |
||
| 546 | _aText in English and Spanish. | ||
| 650 | 7 |
_aSpanish language _vDictionaries _xEnglish. _2BUEsh |
|
| 650 | 7 |
_aEnglish language _vDictionaries _xSpanish. _2BUEsh |
|
| 653 |
_bHHUUEENN _cJuly2019 |
||
| 655 | _vReading book | ||
| 942 |
_cREFERENCE _k423 WEB _2ddc |
||